Universal Arithmetick: or, a treatise of arithmetical composition and resolution
Guardat en:
| Format: | Llibre |
|---|---|
| Idioma: | anglès |
| Publicat: |
Londres
J. Senex
1728
|
| Edició: | 2a. ed |
| Matèries: | |
| Accés en línia: | portada |
| Etiquetes: |
Afegir etiqueta
Sense etiquetes, Sigues el primer a etiquetar aquest registre!
|
MARC
| LEADER | 00000nam a2200000 a 4500 | ||
|---|---|---|---|
| 001 | UCJ7168 | ||
| 003 | CL-VaPUC | ||
| 008 | 070124e17280000UK |||||||||||||||||eng|d | ||
| 082 | 0 | 4 | |a 090 |b NEW |2 21 |
| 245 | 1 | 0 | |a Universal Arithmetick: or, a treatise of arithmetical composition and resolution |
| 250 | |a 2a. ed | ||
| 300 | |a 271 p | ||
| 942 | |c BK | ||
| 945 | |d 20070124 00:00:00 |a rinostro | ||
| 260 | |a Londres |b J. Senex |c 1728 | ||
| 500 | |a 4§, pasta.- h. prel.- Anteport. entre orlas.- v. en b.- Port.- v. en b.- iii+271.- Siete láminas plegadas conteniendo figuras geométricas.- Ex libris Escudo de Armas | ||
| 650 | 0 | |a Matemática |9 260235 | |
| 650 | 0 | |a Geometría |9 264063 | |
| 650 | 0 | |a Álgebra |9 259567 | |
| 650 | 7 | |a LIBRO RARO |2 CL-VaPUC |9 504169 | |
| 650 | 7 | |a DESCRIPCION BIBLIOFILICA |2 CL-VaPUC |9 504580 | |
| 650 | 7 | |a EX LIBRIS |2 CL-VaPUC |9 505186 | |
| 856 | 7 | |f UCJ7168_01.jpg |u http://opac.pucv.cl/pucv_img/Img-7000/UCJ7168_01.jpg |q JEPG |2 file |z portada | |
| 583 | |a last modification |c 20070124 00:00:00 |k Rodrigo Vera | ||
| 999 | |c 323268 |d 323266 | ||
| 952 | |0 0 |1 0 |4 0 |6 090_000000000000000_NEW_1728 |7 0 |8 X |9 402753 |a FDOBUD |b FDOBUD |d 2019-11-22 |i 1059335 |o 090 NEW 1728 |p 1059335 |r 2019-11-22 |w 2019-11-22 |y BK_X |k BUD | ||